000 003300000a22001450004500
005 20120302063826.0
942 _cBOOK
100 _a Swami Prabhupada
245 _a Sri Isopanisad
250 _a 1st
260 _aBombay:Bhaktivedanta Book trust,1974.
300 _axvi,144p..-ill
040 _aEng
650 _aSri Isopanisad
999 _c360572
_d360569